NFL Team Receiving Leaders 2020 - Statistics

General Stats
  • This quiz has been taken 69 times
  • The average score is 78 of 161
Answer Stats
Player % Correct
A.J. Brown
89%
Antonio Brown
89%
Aaron Jones
88%
John Brown
88%
Julio Jones
88%
Marquise Brown
88%
Donovan Peoples-Jones
86%
Marvin Jones
86%
Tyreek Hill
86%
Mark Andrews
84%
Stefon Diggs
84%
Travis Kelce
84%
Dalvin Cook
82%
JuJu Smith-Schuster
82%
Davante Adams
81%
Jared Cook
81%
Amari Cooper
79%
CeeDee Lamb
79%
DeAndre Hopkins
79%
Irv Smith Jr.
79%
Jonnu Smith
79%
Keenan Allen
79%
Tre'Quan Smith
79%
D.K. Metcalf
77%
Tyler Lockett
77%
Cooper Kupp
74%
David Moore
74%
D.J. Moore
74%
Justin Jefferson
74%
Mike Evans
74%
Preston Williams
74%
Curtis Samuel
72%
Deebo Samuel
72%
Mike Williams
72%
Odell Beckham Jr.
72%
Terry McLaurin
72%
Alvin Kamara
70%
Tee Higgins
70%
Adam Thielen
68%
Chris Godwin
68%
Corey Davis
68%
Darren Waller
68%
Diontae Johnson
68%
Gabriel Davis
68%
George Kittle
68%
Mike Davis
68%
Rashard Higgins
68%
T.J. Hockenson
68%
Christian McCaffrey
67%
Ezekiel Elliott
67%
Michael Thomas
65%
Tyler Boyd
65%
Allen Robinson
63%
Calvin Ridley
63%
Dalton Schultz
63%
Demarcus Robinson
63%
Logan Thomas
63%
Rob Gronkowski
63%
T.Y. Hilton
63%
Brandon Aiyuk
61%
Jerry Jeudy
61%
Noah Fant
61%
Dallas Goedert
60%
Jarvis Landry
60%
Michael Pittman Jr.
60%
Brandin Cooks
58%
Chase Claypool
58%
Chris Carson
58%
DeVante Parker
58%
Robert Woods
58%
Darnell Mooney
54%
Evan Engram
54%
Michael Gallup
53%
Robby Anderson
53%
A.J. Green
51%
Christian Kirk
51%
Dawson Knox
51%
Hunter Henry
51%
Mike Gesicki
51%
Austin Hooper
49%
Josh Jacobs
49%
Austin Ekeler
47%
Emmanuel Sanders
47%
Jakobi Meyers
47%
Mecole Hardman
47%
Allen Lazard
46%
Kareem Hunt
46%
Tyler Higbee
46%
Cole Beasley
44%
D'Andre Swift
44%
DJ Chark
44%
James White
44%
Sterling Shepard
44%
Hunter Renfrow
42%
Julian Edelman
42%
Robert Tonyan
42%
Tim Patrick
42%
Nelson Agholor
40%
Sammy Watkins
40%
David Montgomery
39%
Gerald Everett
39%
Marquez Valdes-Scantling
39%
Will Fuller
39%
Darius Slayton
37%
Jimmy Graham
37%
Scotty Miller
37%
Anthony Miller
35%
Jalen Reagor
35%
Larry Fitzgerald
33%
Randall Cobb
33%
Russell Gage
33%
Hayden Hurst
32%
Jamison Crowder
32%
Josh Reynolds
32%
Kyle Rudolph
32%
Henry Ruggs III
30%
Laviska Shenault Jr.
30%
Devin Duvernay
28%
James Washington
28%
Kendrick Bourne
28%
Mo Alie-Cox
26%
Myles Gaskin
25%
Nyheim Hines
25%
Chase Edmonds
23%
Eric Ebron
23%
Golden Tate
23%
Keelan Cole
23%
N'Keal Harry
23%
Richie James
23%
Zach Pascal
23%
Denzel Mims
21%
Giovani Bernard
21%
KJ Hamler
19%
Travis Fulgham
19%
Will Dissly
19%
Willie Snead
19%
Breshad Perriman
18%
Dan Arnold
18%
Drew Sample
18%
J.D. McKissic
18%
Jordan Akins
18%
Braxton Berrios
16%
Jalen Guyton
16%
Olamide Zaccheaus
16%
Tyler Eifert
16%
Cam Sims
14%
Dion Lewis
14%
Steven Sims
14%
Adam Humphries
12%
Anthony Firkser
12%
Damiere Byrd
12%
Danny Amendola
12%
Miles Boykin
12%
Chris Conley
11%
DaeSean Hamilton
11%
Chris Herndon
9%
Jakeem Grant
9%
Richard Rodgers
9%
Greg Ward
7%
Keke Coutee
7%
Quintez Cephus
7%
No matching quizzes found
Score Distribution
Percent of People with Each Score
Percentile by Number Answered
Your Score History
You have not taken this quiz